01058 a2200217 4500003000500000005001700005020001500022040000900037082001500046100002500061245021200086250001100298260004100309300003200350505025800382600002500640650002000665942001200685999001900697952012400716Nust20230126125549.0 a0701633794 cNust a910.02,BOX aBox, Martin,9107763 aJacaranda SOSE geography 1 :bNew for Level 5 of the national profiles and the curriculum and standards framework /cMrtin Box, Pam Cupper , Angelo Calandra , Robyn Rivett, Grace Ciavarella & Jeana Kriewaldt a1st ed aAustraliabJacaranda Wiley Ltdc1998 a190 pbilluscdigarse26 cm aThe Skills of the Geographer (Page-2), Australian Environments (Page-34), Changing Environments (Page-58), Deserts (Page-78), Oceans (Page-96), Endangered Species (Page-122), Faster Higher Stronger the Olympic Games (Page-140), World Holiday (Page-164). aBox, Martin,9107763 aGeography97902 2ddccBK c186923d186923 00102ddc4070aMCSbMCScGENd2016-12-12o910.02,BOXpMCS26587r2016-12-08w2016-12-12yBKzAlmirah No.58, Shelf No.6